|
|
|
|
| LEADER |
01039nam a2200361 4500 |
| 001 |
DLU030024630 |
| 005 |
##20010109090137.0 |
| 008 |
##940413s1995 njua b 001 0 eng |
| 010 |
# |
# |
|a 94015650
|
| 020 |
# |
# |
|a 0130974110
|
| 035 |
# |
# |
|9 (DLC) 94015650
|
| 040 |
# |
# |
|a DLC
|c DLC
|d DLC
|
| 043 |
# |
# |
|a n-us---
|
| 050 |
# |
# |
|a HN65
|b .D9 1995
|
| 082 |
# |
# |
|a 320.609 73
|b DY-T
|
| 100 |
# |
# |
|a Dye, Thomas R.
|
| 245 |
# |
# |
|a Understanding public policy /
|c Thomas R. Dye.
|
| 250 |
# |
# |
|a 8th ed.
|
| 260 |
# |
# |
|a Englewood Cliffs, N.J. :
|b Prentice Hall,
|c c1995.
|
| 300 |
# |
# |
|a x, 342 p. :
|b ill. ;
|c 25 cm.
|
| 504 |
# |
# |
|a Includes bibliographical references and index.
|
| 651 |
# |
# |
|a United States
|x Politics and government
|y 20th century.
|
| 651 |
# |
# |
|a United States
|x Social conditions
|y 1980-
|
| 651 |
# |
# |
|a United States
|x Social policy.
|
| 992 |
# |
# |
|a 14080
|
| 994 |
# |
# |
|a DLU
|
| 900 |
# |
# |
|a True
|
| 911 |
# |
# |
|a Lê Thị Mạnh Xuân
|
| 925 |
# |
# |
|a G
|
| 926 |
# |
# |
|a A
|
| 927 |
# |
# |
|a SH
|
| 980 |
# |
# |
|a Thư viện Trường Đại học Đà Lạt
|